Trouver les joueurs avec leur carrière - Statistiques

Statistiques générales
  • Ce quiz a été pris 121 fois
  • Le résultat moyen est 9 sur 14
Statistiques - réponses
Par images Réponse % Correct
Zidane
90%
Payet
89%
Morata
86%
Rami
77%
Grealish
75%
Higuain
71%
Pastore
71%
Diarra
69%
Drogba
69%
Terrier
63%
Mariano
62%
Braithwaite
61%
Szoboszlai
47%
Jo
8%
Aucun quiz correspondant
Distribution des résultats
% des personnes avec chaque résultat
Percentile par nombre de réponses
Votre historique - résultats
Vous n’avez pas pris ce quiz